NO TIME FOR YOU GOD AND MAHARISHI THE PR (Record no. 14867)

MARC details
000 -LEADER
fixed length control field 00360nam a2200133Ia 4500
008 - FIXED-LENGTH DATA ELEMENTS--GENERAL INFORMATION
fixed length control field 240624s9999 xx 000 0 und d
041 ## - LANGUAGE CODE
Language code of text/sound track or separate title eng
082 ## - DEWEY DECIMAL CLASSIFICATION NUMBER
Classification number 828 TAL
100 ## - MAIN ENTRY--PERSONAL NAME
Personal name TALWAR PRAVEEN KUMAR
245 ## - TITLE STATEMENT
Title NO TIME FOR YOU GOD AND MAHARISHI THE PR
260 ## - PUBLICATION, DISTRIBUTION, ETC.
Date of publication, distribution, etc. 2006
Place of publication, distribution, etc. Mumbai
Name of publisher, distributor, etc. Himalaya Books Pvt. Ltd.
300 ## - PHYSICAL DESCRIPTION
Extent 125 : p. : cm. ; 17
365 ## - TRADE PRICE
Currency code RS
Price amount 25
Holdings
Withdrawn status Lost status Damaged status Not for loan Home library Current library Shelving location Date acquired Source of acquisition Cost, normal purchase price Full call number Barcode Date last seen Copy number Price effective from Koha item type
        IMTN IMTN Rack 43-A 03/30/2010 HPHPL 125.00 828 TAL 14867 06/24/2024 1 06/24/2024 Books
Designed & Maintained by: LRC IMT Nagpur Contact: lrc@imtnag.ac.in© 2024. All Rights Reserved.